| 000 | 01144nam a22002654a 4500 | ||
|---|---|---|---|
| 001 | BIBLIOTECA MUNICIPAL DE BARRANCO | ||
| 007 | ta | ||
| 008 | t pe gr 00| 0 spa d | ||
| 017 | _aB.34.938-84(I) - (Nv) | ||
| 020 | _a84-499-9907-3 | ||
| 040 | _aBIBLIOTECA MUNICIPAL DE BARRANCO | ||
| 041 | _aspa | ||
| 043 | _cpe | ||
| 082 |
_2985.019 _bV17H 1985. |
||
| 100 | _aValcárcel, Luis Eduardo, 1891-1987. | ||
| 245 |
_aHistoria del Perú antiguo: a través de la fuente escrita / _cLuis Eduardo, Valcarcel ; |
||
| 250 | _a5a.ed. | ||
| 260 |
_aLima: _b Libr. Edit. Juan Mejía Baca, _c1985. |
||
| 300 |
_a6 t. : _b il. (algunas col.) ; _c23 cm |
||
| 505 | _at.1 Primera visión española del Perú -- t.2 Economía política, derecho y moral -- t.3 Religión, magia, mito y juego -- t.4 Arte, educación -- t.5 La historia de los reyes incas. Calendario -- t.6 Apéndices. | ||
| 651 | 0 |
_98398 _aPerú-Historia-Época Prehispánica. |
|
| 651 | 0 |
_98399 _aPerú-Vida y costumbres sociales-Época Prehispánica. |
|
| 651 | 0 |
_98400 _aPerú-Historia-Descubrimiento y Conquista, 1519-1536. |
|
| 942 |
_cBK _e2026-01-14 _zAAOH |
||
| 999 |
_c11039 _d11039 |
||